000 00673nam a2200169Ia 4500
999 _c8980
_d8980
020 _a9789291691418
082 _aRR 551.609
_bCLI
245 0 _aClimate change 2014
_b: Impacts, adaptation and vulnerability summaries, frequently asked questions and cross-chapter boxes
260 _aGeneva
_bWorld Meteorological Organization
_c2014
300 _axiii, 190p
650 _aClimatic changes
_vGovernment policy
650 _aGlobal environmental change
_vInternational cooperation
650 _aHuman ecology
_vGreenhouse gas mitigation
700 _aChristopher B. Field...[et al.]
710 _aIntergovernmental Panel on Climate Change. Working Group II
942 _cRB
_2ddc